Členské státy NATO - náhlá smrt - Statistics

General Stats
  • This quiz has been taken 1 787 times
  • The average score is 10 of 32
Answers on the Grid
Answers color-coded by a green-red scale on the quiz's grid according to % correct below.
Albánie
Belgie
Bulharsko
Černá Hora
Česko
Dánsko
Estonsko
Finsko
Francie
Chorvatsko
Island
Itálie
Kanada
Litva
Lotyšsko
Lucembursko
Maďarsko
Německo
Nizozemsko
Norsko
Polsko
Portugalsko
Rumunsko
Řecko
Severní Makedonie
Slovensko
Slovinsko
Spojené království
Spojené státy americké
Španělsko
Švédsko
Turecko
Kuba
Bahamy
Dominika
Austrálie
Nový Zéland
Singapur
Thajsko
Japonsko
Kosovo
San Marino
Moldavsko
Gruzie
Bosna a Hercegovina
Bělorusko
Andorra
Alžírsko
Čína
Švýcarsko
Rakousko
Kazakhstan
Arménie
Monako
Lichtenštejnsko
Malta
Kypr
Vatikán
Irsko
Mexiko
Ukrajina
Rusko
Bahrajn
 
Answer Stats
Answer % Correct
Česko
48%
Slovensko
47%
Německo
45%
Polsko
43%
Maďarsko
39%
Španělsko
38%
Francie
37%
Itálie
37%
Belgie
35%
Spojené státy americké
35%
Dánsko
33%
Nizozemsko
33%
Spojené království
33%
Kanada
32%
Norsko
32%
Slovinsko
32%
Finsko
31%
Portugalsko
31%
Švédsko
31%
Řecko
30%
Chorvatsko
28%
Estonsko
28%
Turecko
28%
Litva
26%
Lotyšsko
26%
Rumunsko
25%
Bulharsko
24%
Island
22%
Lucembursko
22%
Albánie
15%
Černá Hora
13%
Severní Makedonie
10%
No matching quizzes found
Score Distribution
Percent of People with Each Score
Percentile by Number Answered
Your Score History
You have not taken this quiz